000 00785nam a2200241Ia 4500
003 OSt
005 20220918110807.0
006 a|||||r|||| 00| 0
007 ta
008 220915b |||||||| |||| 00| 0 hin d
024 _a228172
037 _cReference Collections
040 _aARTS
_cARTS
_bhin
041 _2hin
_ahin
082 _aP152:795, 152M6;N6(RR)
100 _aसुरेश कुमार
245 0 _aअनुवाद सिद्धान्त की रुपरेखा
246 _aAnuvād siddhānta kī ruparekhā
260 _aदिल्ली
_bवाणी
_c1996
300 _a158पृ
942 _hP152:795, 152M6;N6(RR)
_cREF
999 _c114795
_d114795